000 00327nam a22001457a 4500
007 9789574934058
008 171027b xxu||||| |||| 00| 0 eng d
020 _a9789574934058
041 _aeng
080 _a336
100 _a56
101 _aFIN
245 _aFUNDAMENTALS OF CORPORATE FINANCE
_cJAME.D
942 _2udc
_cBK
999 _c36173
_d36173